MARC details
| 000 -LEADER |
| fixed length control field |
01418cam a2200421 i 4500 |
| 001 - CONTROL NUMBER |
| control field |
200431223 |
| 003 - CONTROL NUMBER IDENTIFIER |
| control field |
TR-AnTOB |
| 005 - DATE AND TIME OF LATEST TRANSACTION |
| control field |
20200603151943.0 |
| 007 - PHYSICAL DESCRIPTION FIXED FIELD--GENERAL INFORMATION |
| fixed length control field |
ta |
| 008 - FIXED-LENGTH DATA ELEMENTS--GENERAL INFORMATION |
| fixed length control field |
140605s2012 tu b 001 0 tur d |
| 020 ## - INTERNATIONAL STANDARD BOOK NUMBER |
| International Standard Book Number |
6054220527 |
|
| International Standard Book Number |
9786054220526 |
| 035 ## - SYSTEM CONTROL NUMBER |
| System control number |
(OCoLC)881257646 |
|
| System control number |
(TR-AnTOB) |
| 040 ## - CATALOGING SOURCE |
| Original cataloging agency |
SULEY |
| Language of cataloging |
eng |
| Description conventions |
rda |
| Transcribing agency |
SULEY |
| Modifying agency |
TR-AnTOB |
| 041 0# - LANGUAGE CODE |
| Language code of text/sound track or separate title |
Türkçe |
| -- |
İngilizce |
| 049 ## - LOCAL HOLDINGS (OCLC) |
| Holding library |
MAIN |
| 050 14 - LIBRARY OF CONGRESS CALL NUMBER |
| Classification number |
QA76.73.J38 |
| 090 ## - LOCALLY ASSIGNED LC-TYPE CALL NUMBER (OCLC); LOCAL CALL NUMBER (RLIN) |
| Classification number (OCLC) (R) ; Classification number, CALL (RLIN) (NR) |
QA76.73.J38 |
| Local cutter number (OCLC) ; Book number/undivided call number, CALL (RLIN) |
U88 2012 |
| 100 1# - MAIN ENTRY--PERSONAL NAME |
| Personal name |
Usta, Rahman |
| Relator term |
author |
| 9 (RLIN) |
122250 |
| 245 10 - TITLE STATEMENT |
| Title |
Java mimarisiyle kurumsal çözümler : |
| Remainder of title |
kurumsal Java / |
| Statement of responsibility, etc. |
Rahman Usta ; editör Altuğ B. Altıntaş. |
| 250 ## - EDITION STATEMENT |
| Edition statement |
1. basım ; Ekim 2012 |
| 264 #1 - PRODUCTION, PUBLICATION, DISTRIBUTION, MANUFACTURE, AND COPYRIGHT NOTICE |
| Place of production, publication, distribution, manufacture |
İstanbul : |
| Name of producer, publisher, distributor, manufacturer |
Papatya Yayıncılık, |
| Date of production, publication, distribution, manufacture, or copyright notice |
2012. |
| 300 ## - PHYSICAL DESCRIPTION |
| Extent |
xii, 271 pages ; |
| Dimensions |
24 cm |
| 336 ## - CONTENT TYPE |
| Content type term |
text |
| Content type code |
txt |
| Source |
rdacontent |
| 337 ## - MEDIA TYPE |
| Media type term |
unmediated |
| Media type code |
n |
| Source |
rdamedia |
| 338 ## - CARRIER TYPE |
| Carrier type term |
volume |
| Carrier type code |
nc |
| Source |
rdacarrier |
| 504 ## - BIBLIOGRAPHY, ETC. NOTE |
| Bibliography, etc. note |
|
| 505 0# - FORMATTED CONTENTS NOTE |
| Formatted contents note |
J2EE--Java EE6--Spring Framework JPA--Hibernate--WEB servisleri--JSF--EJB |
| 546 ## - LANGUAGE NOTE |
| Language note |
Turkish and English. |
| 590 ## - LOCAL NOTE (RLIN) |
| Local note |
KİBA |
| 650 #0 - SUBJECT ADDED ENTRY--TOPICAL TERM |
| Topical term or geographic name entry element |
Java (Bilgisayar programlama dili) |
| 9 (RLIN) |
22647 |
|
| Topical term or geographic name entry element |
Web sunucuları |
| Source of heading or term |
etuturkob |
| 9 (RLIN) |
29372 |
| 700 1# - ADDED ENTRY--PERSONAL NAME |
| Personal name |
Altıntaş, Altuğ B. |
| Relator term |
editor |
| 9 (RLIN) |
25655 |
| 856 ## - ELECTRONIC LOCATION AND ACCESS |
| Materials specified |
Publisher web page |
| Uniform Resource Identifier |
<a href="http://www.papatya.gen.tr/JavaMimarisiyleKurumsalCozumler.htm">http://www.papatya.gen.tr/JavaMimarisiyleKurumsalCozumler.htm</a> |
| 942 ## - ADDED ENTRY ELEMENTS (KOHA) |
| Source of classification or shelving scheme |
Library of Congress Classification |
| Koha item type |
Book |